[Event "XLV Open Internacional Barbera del Valles 2023"]
[Site "Barberà del Vallès"]
[Date "2023.07.06"]
[Round "3.1"]
[White "Fernandez Borrego, Pablo"]
[Black "Stremavicius, Titas"]
[Result "1/2-1/2"]
[BlackElo "2549"]
[WhiteElo "2402"]
[LiveChessVersion "1.4.8"]

1. e4 {[%clk 1:27:03]} c5 {[%clk 1:31:11]} 2. Nf3 {[%clk 1:27:02]} Nc6 3. Nc3
{[%clk 1:27:23]} d6 {[%clk 1:30:30]} 4. d4 {[%clk 1:27:48]} cxd4 {[%clk 1:30:52]}
5. Nxd4 Nf6 {[%clk 1:31:18]} 6. Bg5 {[%clk 1:27:11]} e6 {[%clk 1:31:15]} 7. Qd3
{[%clk 1:24:21]} Bd7 {[%clk 1:31:04]} 8. Ndb5 {[%clk 1:23:38]} Nb4
{[%clk 1:16:13]} 9. Qd1 {[%clk 1:16:05]} Qb8 10. Bf4 {[%clk 1:16:32]} e5
{[%clk 1:16:28]} 11. Bg5 {[%clk 1:15:56]} a6 {[%clk 1:14:28]} 12. Na3 b5 13. Bxf6
{[%clk 1:06:31]} gxf6 {[%clk 1:14:53]} 14. Nab1 {[%clk 1:03:01]} Bg7
{[%clk 1:06:31]} 15. g3 O-O 16. a3 {[%clk 0:55:31]} Nc6 {[%clk 1:06:51]} 17. Nd5
{[%clk 0:44:06]} Be6 {[%clk 0:59:55]} 18. Bd3 {[%clk 0:42:55]} f5
{[%clk 0:48:29]} 19. Nbc3 {[%clk 0:42:08]} fxe4 {[%clk 0:43:10]} 20. Bxe4 f5 21.
Nf6+ {[%clk 0:36:17]} Rxf6 {[%clk 0:43:37]} 22. Bxc6 {[%clk 0:36:40]} Ra7
{[%clk 0:41:32]} 23. Bd5 {[%clk 0:30:46]} Rc7 {[%clk 0:33:00]} 24. g4
{[%clk 0:28:08]} fxg4 {[%clk 0:28:59]} 25. Ne4 Qf8 26. Bxe6+ {[%clk 0:20:58]}
Rxe6 {[%clk 0:29:26]} 27. Qd5 {[%clk 0:21:20]} Qf5 28. Ng5 Qxg5 {[%clk 0:23:29]}
29. Qxe6+ {[%clk 0:21:46]} Rf7 {[%clk 0:19:24]} 30. Qxd6 {[%clk 0:11:46]} Rxf2
{[%clk 0:19:46]} 31. Kxf2 {[%clk 0:10:44]} Qf4+ {[%clk 0:19:08]} 32. Ke2
{[%clk 0:11:01]} Qf3+ {[%clk 0:19:12]} 33. Kd2 {[%clk 0:11:16]} Qf4+
{[%clk 0:19:38]} 34. Ke2 Qf3+ 1/2-1/2

[Event "XLV Open Internacional Barbera del Valles 2023"]
[Site "Barberà del Vallès"]
[Date "2023.07.06"]
[Round "3.2"]
[White "Juksta, Karolis"]
[Black "Alsina Leal, Daniel"]
[Result "0-1"]
[BlackElo "2519"]
[WhiteElo "2384"]
[LiveChessVersion "1.4.8"]

1. d4 {[%clk 1:30:58]} Nf6 {[%clk 1:29:46]} 2. c4 {[%clk 1:31:20]} g6
{[%clk 1:29:57]} 3. Nc3 {[%clk 1:31:35]} d5 {[%clk 1:30:20]} 4. cxd5
{[%clk 1:31:50]} Nxd5 {[%clk 1:30:39]} 5. e4 {[%clk 1:32:13]} Nxc3
{[%clk 1:31:04]} 6. bxc3 {[%clk 1:32:37]} Bg7 {[%clk 1:31:27]} 7. Nf3
{[%clk 1:32:59]} c5 {[%clk 1:31:42]} 8. h3 {[%clk 1:33:18]} O-O {[%clk 1:31:11]}
9. Be2 {[%clk 1:33:06]} Nc6 {[%clk 1:30:57]} 10. Be3 {[%clk 1:33:23]} cxd4
{[%clk 1:30:51]} 11. cxd4 {[%clk 1:33:37]} f5 {[%clk 1:30:46]} 12. Bc4+
{[%clk 1:32:10]} Kh8 {[%clk 1:30:52]} 13. O-O {[%clk 1:32:30]} fxe4
{[%clk 1:30:54]} 14. Ng5 {[%clk 1:31:50]} Nxd4 {[%clk 1:30:49]} 15. Nf7+
{[%clk 1:29:50]} Rxf7 {[%clk 1:31:00]} 16. Bxf7 {[%clk 1:30:14]} Qd6
{[%clk 1:30:51]} 17. Kh1 {[%clk 1:16:38]} Bd7 {[%clk 1:22:55]} 18. Qd2
{[%clk 1:07:53]} Bb5 {[%clk 1:10:54]} 19. Rfe1 {[%clk 0:56:47]} Bc6
{[%clk 0:34:46]} 20. Rad1 {[%clk 0:52:01]} e5 {[%clk 0:34:55]} 21. Bb3
{[%clk 0:45:41]} Qa3 {[%clk 0:32:36]} 22. Bh6 {[%clk 0:40:40]} Rf8
{[%clk 0:29:23]} 23. Bxg7+ {[%clk 0:37:03]} Kxg7 {[%clk 0:29:48]} 24. Re3
{[%clk 0:21:24]} Qe7 {[%clk 0:26:41]} 25. Bc2 {[%clk 0:15:40]} Qh4
{[%clk 0:20:46]} 26. Kg1 {[%clk 0:15:57]} Rf5 {[%clk 0:18:07]} 27. a4
{[%clk 0:03:56]} Rg5 {[%clk 0:12:34]} 28. Qb4 {[%clk 0:00:39]} Nxc2
{[%clk 0:04:20]} 29. Qe7+ {[%clk 0:01:07]} Kh6 {[%clk 0:04:43]} 30. Rg3
{[%clk 0:00:33]} e3 {[%clk 0:01:42]} 31. Qf8+ {[%clk 0:00:33]} Kh5
{[%clk 0:02:08]} 32. Rxg5+ {[%clk 0:00:48]} Qxg5 {[%clk 0:02:27]} 33. g4+
{[%clk 0:00:33]} Kh4 {[%clk 0:02:51]} 34. fxe3 {[%clk 0:00:32]} Qxe3+ 0-1

[Event "XLV Open Internacional Barbera del Valles 2023"]
[Site "Barberà del Vallès"]
[Date "2023.07.06"]
[Round "3.3"]
[White "Janzelj, Tim"]
[Black "Arenas, David"]
[Result "1/2-1/2"]
[BlackElo "2418"]
[WhiteElo "2453"]
[LiveChessVersion "1.4.8"]

1. e4 {[%clk 1:30:56]} e5 {[%clk 1:30:45]} 2. Nc3 {[%clk 1:31:17]} Nc6
{[%clk 1:30:50]} 3. Bc4 {[%clk 1:31:35]} Nf6 {[%clk 1:30:04]} 4. d3
{[%clk 1:31:45]} Na5 {[%clk 1:27:37]} 5. Bb3 {[%clk 1:32:00]} Nxb3
{[%clk 1:26:27]} 6. axb3 {[%clk 1:32:28]} Be7 {[%clk 1:26:43]} 7. f4
{[%clk 1:32:34]} d6 {[%clk 1:26:43]} 8. Nf3 {[%clk 1:30:25]} exf4
{[%clk 1:23:50]} 9. Bxf4 {[%clk 1:30:37]} O-O {[%clk 1:24:01]} 10. O-O
{[%clk 1:20:09]} Be6 {[%clk 0:50:56]} 11. Qe1 h6 12. h3 {[%clk 1:12:00]} a6
{[%clk 0:47:50]} 13. Ne2 {[%clk 0:58:07]} d5 {[%clk 0:41:52]} 14. e5 Nh7 15. Qg3
{[%clk 0:50:02]} Kh8 {[%clk 0:39:48]} 16. Bd2 Qd7 {[%clk 0:33:16]} 17. Nf4
{[%clk 0:46:51]} c5 18. Rf2 {[%clk 0:38:07]} Rae8 {[%clk 0:27:51]} 19. Raf1
{[%clk 0:38:04]} Bd8 {[%clk 0:24:30]} 20. Nh5 {[%clk 0:26:03]} Rg8
{[%clk 0:16:15]} 21. Nh4 Bc7 22. Kh1 {[%clk 0:14:19]} d4 {[%clk 0:13:03]} 23. Nf3
{[%clk 0:09:43]} Bd5 {[%clk 0:06:45]} 24. c4 {[%clk 0:07:53]} dxc3
{[%clk 0:04:46]} 25. Bxc3 {[%clk 0:08:21]} Qf5 {[%clk 0:04:33]} 26. Nf4
{[%clk 0:05:27]} Bxf3 {[%clk 0:03:41]} 27. Qxf3 {[%clk 0:04:24]} Bxe5
{[%clk 0:02:48]} 28. Qxb7 Bxc3 {[%clk 0:01:02]} 29. bxc3 {[%clk 0:03:29]} Rb8
{[%clk 0:00:55]} 30. Qxa6 {[%clk 0:03:24]} Rxb3 {[%clk 0:01:01]} 31. Qc4
{[%clk 0:03:32]} Rgb8 {[%clk 0:01:24]} 32. Nd5 {[%clk 0:03:19]} Qe6
{[%clk 0:00:49]} 33. Rxf7 {[%clk 0:03:27]} Rb1 {[%clk 0:00:49]} 34. R7f2
{[%clk 0:01:35]} Ng5 {[%clk 0:01:05]} 35. Kh2 {[%clk 0:00:45]} Qe5+
{[%clk 0:00:48]} 36. Nf4 {[%clk 0:00:59]} Rxf1 {[%clk 0:00:33]} 37. Rxf1 Rf8 38.
g3 {[%clk 0:01:32]} Kh7 {[%clk 0:00:44]} 39. h4 {[%clk 0:01:02]} Ne6
{[%clk 0:01:00]} 40. d4 {[%clk 0:01:13]} cxd4 {[%clk 0:00:39]} 41. Nxe6
{[%clk 0:00:47]} Rxf1 {[%clk 0:00:58]} 42. Qxf1 {[%clk 0:01:14]} Qxe6
{[%clk 0:01:26]} 43. Qd3+ {[%clk 0:01:00]} Kh8 44. cxd4 {[%clk 0:00:39]} Qd5
{[%clk 0:02:06]} 45. Qe3 {[%clk 0:00:52]} Kh7 46. Kg1 {[%clk 0:01:17]} Kg8
{[%clk 0:00:47]} 47. Kf2 {[%clk 0:01:18]} Qf5+ 48. Qf4 Qc2+ {[%clk 0:01:12]} 49.
Ke3 {[%clk 0:01:38]} Qc1+ {[%clk 0:01:17]} 50. Ke4 {[%clk 0:02:06]} Qc2+
{[%clk 0:01:51]} 51. Kd5 {[%clk 0:01:50]} Qb3+ {[%clk 0:01:29]} 52. Kd6
{[%clk 0:01:01]} Qb6+ 53. Ke7 {[%clk 0:00:57]} Qb7+ {[%clk 0:01:32]} 54. Ke6
{[%clk 0:01:01]} Qc8+ {[%clk 0:01:58]} 55. Ke5 {[%clk 0:01:18]} Qe8+ 56. Kf5
{[%clk 0:01:18]} Qc8+ {[%clk 0:00:44]} 57. Ke4 {[%clk 0:01:39]} Qc2+
{[%clk 0:00:38]} 58. Kf3 {[%clk 0:02:06]} Qd1+ {[%clk 0:00:38]} 59. Kg2
{[%clk 0:02:06]} Qc2+ {[%clk 0:01:03]} 60. Kh3 {[%clk 0:02:28]} Qd1
{[%clk 0:01:27]} 61. Qe4 {[%clk 0:02:32]} Qf1+ 62. Kg4 Qd1+ {[%clk 0:01:06]} 63.
Kf4 {[%clk 0:01:59]} Qf1+ 64. Ke5 {[%clk 0:01:13]} Qf6+ {[%clk 0:01:21]} 65. Kd5
{[%clk 0:01:42]} Qd8+ {[%clk 0:01:46]} 66. Kc4 {[%clk 0:01:49]} Qc7+ 67. Kb5
{[%clk 0:01:11]} Qb8+ {[%clk 0:01:22]} 68. Kc5 {[%clk 0:01:03]} Qa7+
{[%clk 0:01:23]} 69. Kd5 Qd7+ {[%clk 0:01:28]} 70. Ke5 {[%clk 0:01:23]} Qc7+ 71.
Kf5 {[%clk 0:01:22]} Qxg3 {[%clk 0:01:48]} 72. d5 {[%clk 0:01:10]} Kf8
{[%clk 0:00:36]} 73. Ke6 {[%clk 0:00:40]} Qh3+ {[%clk 0:01:05]} 74. Kd6
{[%clk 0:00:37]} Qa3+ {[%clk 0:01:05]} 75. Kc6 {[%clk 0:00:46]} Qa6+
{[%clk 0:01:25]} 76. Kc5 {[%clk 0:00:38]} Qa5+ 77. Kd6 Qb6+ {[%clk 0:01:48]} 78.
Kd7 {[%clk 0:01:09]} Qb7+ {[%clk 0:02:36]} 79. Kd6 {[%clk 0:01:14]} Qb6+ 80. Kd7
{[%clk 0:01:39]} 1/2-1/2

[Event "XLV Open Internacional Barbera del Valles 2023"]
[Site "Barberà del Vallès"]
[Date "2023.07.06"]
[Round "3.4"]
[White "Kaustuv, Kundu"]
[Black "Ayats Llobera, Gerard"]
[Result "1/2-1/2"]
[BlackElo "2452"]
[WhiteElo "2266"]
[LiveChessVersion "1.4.8"]

1. Nf3 Nf6 2. c4 e6 3. b3 d5 4. Bb2 b6 5. g3 Bb7 6. Bg2 Bd6 7. O-O O-O 8. Nc3 a6
9. d4 Nbd7 10. Nd2 c5 11. cxd5 Nxd5 12. Nxd5 Bxd5 13. Bxd5 exd5 14. dxc5 Nxc5 15.
Nf3 Be7 16. Rc1 Rc8 17. Rc2 Qd6 18. Nd4 Qg6 19. Nf3 Qf5 20. Qb1 a5 21. Kg2 h5 22.
h4 Ne4 23. Rxc8 Rxc8 24. Qd3 Rd8 25. Qd4 Bf6 26. Qxb6 Rd6 27. Qb8+ Rd8 28. Qb6
Rd6 29. Qb8+ Rd8 1/2-1/2

[Event "XLV Open Internacional Barbera del Valles 2023"]
[Site "Barberà del Vallès"]
[Date "2023.07.06"]
[Round "3.5"]
[White "Flom, Gabriel"]
[Black "Valenzuela Gomez, Fernando"]
[Result "1/2-1/2"]
[BlackElo "2403"]
[WhiteElo "2438"]
[LiveChessVersion "1.4.8"]

1. d4 {[%clk 1:30:58]} Nf6 {[%clk 1:27:28]} 2. c4 {[%clk 1:31:24]} e6
{[%clk 1:27:48]} 3. Nf3 {[%clk 1:31:20]} d5 {[%clk 1:27:47]} 4. g3
{[%clk 1:30:43]} Bb4+ {[%clk 1:15:38]} 5. Bd2 {[%clk 1:30:36]} a5
{[%clk 1:15:14]} 6. Bg2 {[%clk 1:27:41]} O-O 7. O-O dxc4 {[%clk 1:15:04]} 8. Bxb4
{[%clk 1:18:46]} axb4 {[%clk 1:15:23]} 9. Ne5 {[%clk 1:18:54]} Nc6
{[%clk 1:11:52]} 10. Nxc6 bxc6 {[%clk 1:05:39]} 11. Bxc6 {[%clk 1:19:21]} Ra6
{[%clk 1:05:38]} 12. Bg2 Qd6 {[%clk 0:49:00]} 13. e3 {[%clk 1:16:00]} e5
{[%clk 0:48:09]} 14. Nd2 {[%clk 1:16:01]} Be6 15. Nf3 e4 {[%clk 0:41:58]} 16. Nd2
{[%clk 1:04:17]} Bd5 17. Qc2 {[%clk 0:58:48]} Qe6 {[%clk 0:41:52]} 18. a3
{[%clk 0:55:54]} b3 {[%clk 0:29:04]} 19. Qd1 Ne8 {[%clk 0:27:26]} 20. Qe2
{[%clk 0:54:45]} Ra8 21. Nb1 {[%clk 0:49:24]} Nd6 {[%clk 0:26:50]} 22. Nc3
{[%clk 0:49:50]} c6 1/2-1/2

[Event "XLV Open Internacional Barbera del Valles 2023"]
[Site "Barberà del Vallès"]
[Date "2023.07.06"]
[Round "3.6"]
[White "Macovei, Andrei"]
[Black "Cordoba Roa, Angel Gabriel"]
[Result "1/2-1/2"]
[BlackElo "2339"]
[WhiteElo "2436"]
[LiveChessVersion "1.4.8"]

1. e4 e5 2. Nf3 Nc6 3. Bb5 a6 4. Ba4 Nf6 5. O-O b5 6. Bb3 Bb7 7. Nc3 Be7 8. d3
O-O 9. a3 Nd4 10. Ba2 Nxf3+ 11. Qxf3 d6 12. Qe2 Bc8 13. h3 Be6 14. f4 exf4 15.
Bxf4 Bxa2 16. Rxa2 Nd7 17. Nd5 Bg5 18. Raa1 c6 19. Ne3 Bxf4 20. Rxf4 Nc5 21. Raf1
Ne6 22. R4f2 Ra7 23. Nf5 Rd7 24. Qg4 Qg5 25. Qxg5 Nxg5 26. Nd4 Rc8 27. h4 Ne6 28.
Nxe6 fxe6 29. g4 h6 30. Kg2 c5 31. Kg3 a5 32. a4 bxa4 33. Ra1 Rb7 34. Rxa4 Rxb2
35. Rxa5 Rf8 36. Rg2 Rb6 37. e5 c4 38. dxc4 dxe5 39. Rxe5 Rc8 40. c5 Rbc6 41. Rf2
Rxc5 42. Rxe6 Rxc2 43. Rxc2 1/2-1/2

[Event "XLV Open Internacional Barbera del Valles 2023"]
[Site "Barberà del Vallès"]
[Date "2023.07.06"]
[Round "3.7"]
[White "Narciso Dublan, Marc"]
[Black "Delgado Romero, Marco"]
[Result "1-0"]
[BlackElo "2290"]
[WhiteElo "2424"]
[LiveChessVersion "1.4.8"]

1. e4 g6 2. d4 Bg7 3. Nf3 c5 4. d5 d6 5. Nc3 Nf6 6. Bc4 O-O 7. O-O Bg4 8. h3 Bxf3
9. Qxf3 Nbd7 10. Qd1 Ne8 11. Re1 Nc7 12. a4 a6 13. a5 b5 14. axb6 Nxb6 15. Bf1
Qd7 16. Ra5 f5 17. h4 f4 18. Nb1 e6 19. dxe6 Nxe6 20. Nd2 Nd4 21. c3 Nc6 22. Rxa6
Rxa6 23. Bxa6 Qa7 24. Be2 Ne5 25. Nf3 Nxf3+ 26. Bxf3 Be5 27. h5 Kg7 28. Bg4 Qf7
29. Qf3 Re8 30. Qh3 Re7 31. g3 Qf6 32. hxg6 hxg6 33. Kg2 fxg3 34. Rf1 g5 35. fxg3
Qh6 36. Qxh6+ Kxh6 37. Rh1+ Kg7 38. Bxg5 Bf6 39. Bh6+ Kg8 40. Bf5 Ra7 41. Be6+
Kh7 42. Bf8+ Kg6 43. Rh6+ Kg5 44. Bf5 Be7 45. Rg6+ Kh5 46. Kh3 1-0

[Event "XLV Open Internacional Barbera del Valles 2023"]
[Site "Barberà del Vallès"]
[Date "2023.07.06"]
[Round "3.8"]
[White "Grigoryan, Karen H."]
[Black "Marin Posada, Sebastian"]
[Result "1-0"]
[BlackElo "2265"]
[WhiteElo "2621"]
[LiveChessVersion "1.4.8"]

1. e4 {[%clk 1:26:02]} e5 {[%clk 1:30:26]} 2. Nc3 {[%clk 1:25:59]} Nc6
{[%clk 1:30:00]} 3. g3 {[%clk 1:25:58]} Nf6 {[%clk 1:27:04]} 4. Bg2
{[%clk 1:25:50]} Bc5 {[%clk 1:21:15]} 5. d3 {[%clk 1:26:00]} O-O {[%clk 1:11:01]}
6. f4 {[%clk 1:23:25]} exf4 {[%clk 1:07:38]} 7. Bxf4 {[%clk 1:23:42]} Re8
{[%clk 1:07:16]} 8. Nge2 {[%clk 1:20:44]} Nd4 {[%clk 0:57:52]} 9. Qd2
{[%clk 1:15:24]} d5 {[%clk 0:50:23]} 10. Nxd4 {[%clk 1:14:13]} Bxd4
{[%clk 0:42:13]} 11. O-O-O {[%clk 1:13:45]} Bg4 {[%clk 0:37:57]} 12. Rde1
{[%clk 1:10:38]} dxe4 {[%clk 0:36:25]} 13. Nxe4 {[%clk 1:10:58]} Nxe4
{[%clk 0:35:34]} 14. Bxe4 {[%clk 1:10:15]} c6 {[%clk 0:34:31]} 15. Bg5
{[%clk 1:08:06]} Qb6 {[%clk 0:14:29]} 16. c3 {[%clk 1:07:08]} f5 {[%clk 0:07:44]}
17. h3 {[%clk 1:05:27]} fxe4 {[%clk 0:04:21]} 18. hxg4 {[%clk 1:05:42]} Bf2
{[%clk 0:04:15]} 19. Rxe4 {[%clk 1:05:19]} Rxe4 {[%clk 0:02:29]} 20. dxe4
{[%clk 1:05:41]} Bxg3 {[%clk 0:02:40]} 21. Qd3 {[%clk 1:02:45]} Be5
{[%clk 0:00:57]} 22. Qc4+ {[%clk 1:01:32]} Kh8 {[%clk 0:01:09]} 23. Qe6
{[%clk 1:01:53]} Qc7 {[%clk 0:01:15]} 24. Qf5 {[%clk 1:01:00]} Bh2
{[%clk 0:00:45]} 25. Rd1 {[%clk 0:57:50]} h6 {[%clk 0:00:34]} 26. Rd7
{[%clk 0:58:02]} Qe5 {[%clk 0:00:34]} 27. Bxh6 {[%clk 0:58:08]} 1-0

[Event "XLV Open Internacional Barbera del Valles 2023"]
[Site "Barberà del Vallès"]
[Date "2023.07.06"]
[Round "3.9"]
[White "Solodovnichenko, Yuri"]
[Black "Subhayan, Kundu"]
[Result "1-0"]
[BlackElo "2326"]
[WhiteElo "2520"]
[LiveChessVersion "1.4.8"]

1. e4 {[%clk 1:30:56]} c5 {[%clk 1:30:29]} 2. Nf3 {[%clk 1:31:20]} d6
{[%clk 1:30:22]} 3. d4 {[%clk 1:31:37]} cxd4 {[%clk 1:30:38]} 4. Nxd4
{[%clk 1:32:03]} Nf6 {[%clk 1:30:53]} 5. Nc3 {[%clk 1:32:28]} Nc6
{[%clk 1:31:11]} 6. Bg5 {[%clk 1:32:52]} e6 {[%clk 1:30:54]} 7. Qd3
{[%clk 1:33:04]} Bd7 {[%clk 1:30:46]} 8. O-O-O {[%clk 1:29:50]} a6
{[%clk 1:31:03]} 9. f4 {[%clk 1:27:16]} Be7 {[%clk 1:14:28]} 10. Be2
{[%clk 1:24:32]} h6 {[%clk 1:14:51]} 11. Bh4 {[%clk 1:24:17]} b5 {[%clk 1:00:52]}
12. a3 {[%clk 1:13:39]} g5 13. Nxc6 {[%clk 1:10:02]} Bxc6 {[%clk 0:35:55]} 14.
fxg5 {[%clk 1:03:41]} Nd7 {[%clk 0:36:03]} 15. Bg3 {[%clk 0:59:09]} Ne5
{[%clk 0:35:05]} 16. Qd4 {[%clk 0:57:07]} Qc7 {[%clk 0:33:09]} 17. gxh6
{[%clk 0:53:21]} Bg5+ {[%clk 0:33:33]} 18. Kb1 {[%clk 0:53:46]} Rd8
{[%clk 0:33:51]} 19. a4 {[%clk 0:46:37]} bxa4 {[%clk 0:32:55]} 20. Bxa6
{[%clk 0:45:42]} O-O {[%clk 0:28:03]} 21. Bb5 {[%clk 0:35:19]} Bb7
{[%clk 0:21:45]} 22. Bxa4 {[%clk 0:34:08]} Bxh6 {[%clk 0:22:07]} 23. Bh4
{[%clk 0:33:29]} Bg7 {[%clk 0:21:24]} 24. Bxd8 {[%clk 0:30:50]} Rxd8
{[%clk 0:21:46]} 25. Qb4 {[%clk 0:27:39]} Nc6 {[%clk 0:18:00]} 26. Qc4
{[%clk 0:24:48]} Qb6 {[%clk 0:18:06]} 27. Qb5 {[%clk 0:24:19]} Qc7
{[%clk 0:17:45]} 28. Rd3 {[%clk 0:22:46]} Ne5 {[%clk 0:16:45]} 29. Rg3
{[%clk 0:23:06]} Rb8 {[%clk 0:15:50]} 30. Qe2 Qa5 {[%clk 0:14:16]} 31. Rd1
{[%clk 0:20:32]} Ba6 {[%clk 0:12:48]} 32. Qf2 {[%clk 0:18:59]} Ng4
{[%clk 0:07:36]} 33. Qf3 {[%clk 0:16:08]} Ne5 {[%clk 0:03:29]} 34. Qf6
{[%clk 0:15:47]} Ng6 {[%clk 0:03:53]} 35. Rxg6 {[%clk 0:16:08]} fxg6 36. Qxe6+
{[%clk 0:16:30]} Kh7 {[%clk 0:04:46]} 37. Bb3 {[%clk 0:14:13]} Bxc3
{[%clk 0:05:01]} 38. Rxd6 {[%clk 0:12:32]} Bf6 {[%clk 0:04:10]} 39. Rxa6 1-0

[Event "XLV Open Internacional Barbera del Valles 2023"]
[Site "Barberà del Vallès"]
[Date "2023.07.06"]
[Round "3.10"]
[White "Berdayes Ason, Dylan Isidro"]
[Black "Pomes Marcet, Joan"]
[Result "1-0"]
[BlackElo "2235"]
[WhiteElo "2509"]
[LiveChessVersion "1.4.8"]

1. e4 {[%clk 1:30:57]} e6 {[%clk 1:30:52]} 2. d4 {[%clk 1:31:25]} d5
{[%clk 1:31:16]} 3. Nc3 {[%clk 1:31:52]} Nf6 {[%clk 1:31:35]} 4. e5
{[%clk 1:32:20]} Nfd7 {[%clk 1:31:58]} 5. f4 {[%clk 1:32:47]} c5 {[%clk 1:32:12]}
6. Nf3 {[%clk 1:33:13]} Nc6 {[%clk 1:32:26]} 7. Be3 {[%clk 1:33:40]} cxd4 8. Nxd4
{[%clk 1:34:03]} Bc5 {[%clk 1:32:44]} 9. Qd2 {[%clk 1:34:57]} Nxd4
{[%clk 1:32:19]} 10. Bxd4 O-O 11. O-O-O {[%clk 1:35:23]} a6 {[%clk 1:32:36]} 12.
Qe3 {[%clk 1:33:32]} Qc7 13. Bd3 Bxd4 {[%clk 1:22:32]} 14. Qxd4 {[%clk 1:33:59]}
Qc5 {[%clk 1:22:14]} 15. Ne2 {[%clk 1:33:50]} b5 {[%clk 1:18:43]} 16. Rhe1
{[%clk 1:28:09]} b4 17. f5 Qxd4 {[%clk 1:06:32]} 18. Nxd4 {[%clk 1:28:35]} Re8
19. fxe6 {[%clk 1:22:01]} fxe6 {[%clk 1:07:02]} 20. Kd2 {[%clk 1:22:11]} Nc5
{[%clk 1:05:04]} 21. Ra1 {[%clk 1:16:00]} Bd7 {[%clk 1:01:06]} 22. a3 Reb8 23. b3
{[%clk 1:13:37]} a5 {[%clk 0:59:47]} 24. axb4 {[%clk 1:13:58]} Rxb4
{[%clk 0:14:25]} 25. Ke3 a4 {[%clk 0:14:41]} 26. Reb1 {[%clk 1:01:55]} Rc8 27.
bxa4 {[%clk 1:00:53]} Rxb1 {[%clk 0:14:59]} 28. Rxb1 {[%clk 1:01:22]} Bxa4
{[%clk 0:15:18]} 29. Rb6 {[%clk 1:01:25]} Bd7 {[%clk 0:14:20]} 30. Nf3 h6
{[%clk 0:14:28]} 31. Kd4 {[%clk 0:55:54]} Kf7 32. Rb1 {[%clk 0:50:45]} Ke7
{[%clk 0:13:24]} 33. Ra1 Nxd3 {[%clk 0:11:37]} 34. Kxd3 {[%clk 0:51:00]} Bb5+
{[%clk 0:12:00]} 35. Kd2 {[%clk 0:51:21]} Rc4 {[%clk 0:12:13]} 36. Ra7+
{[%clk 0:50:51]} Bd7 37. c3 Ra4 {[%clk 0:10:02]} 38. Rxa4 {[%clk 0:50:25]} Bxa4
{[%clk 0:10:29]} 39. Ke3 {[%clk 0:48:01]} Kd7 {[%clk 0:10:11]} 40. g3
{[%clk 0:47:53]} Bd1 41. Ne1 {[%clk 0:48:06]} Kc6 {[%clk 0:08:24]} 42. Nd3 g5
{[%clk 0:08:08]} 43. Kd4 {[%clk 0:47:30]} Be2 44. Nf2 {[%clk 0:44:25]} Kb5
{[%clk 0:07:33]} 45. h4 {[%clk 0:44:54]} gxh4 {[%clk 0:06:49]} 46. gxh4
{[%clk 0:45:22]} Bf3 {[%clk 0:06:39]} 47. Nd3 {[%clk 0:45:28]} Bg4
{[%clk 0:06:50]} 48. Nc5 {[%clk 0:44:00]} Kc6 49. Nd3 {[%clk 0:39:45]} Kb5
{[%clk 0:06:50]} 50. Nf4 {[%clk 0:40:12]} Kc6 51. Ng6 {[%clk 0:40:14]} Kb5
{[%clk 0:04:04]} 52. Ne7 Bf3 {[%clk 0:04:25]} 53. Ng8 {[%clk 0:39:57]} h5
{[%clk 0:03:31]} 54. Ne7 Kb6 {[%clk 0:03:30]} 55. Ng6 {[%clk 0:34:34]} Kc6 56.
Nf8 {[%clk 0:33:22]} Bg4 {[%clk 0:03:50]} 57. Nh7 Kb5 {[%clk 0:03:46]} 58. Nf6
{[%clk 0:33:18]} Bf3 59. Ne8 Bg4 {[%clk 0:03:07]} 60. Nd6+ {[%clk 0:33:08]} Kc6
{[%clk 0:03:50]} 61. c4 {[%clk 0:27:32]} dxc4 {[%clk 0:02:43]} 62. Kxc4
{[%clk 0:27:20]} Bd1 {[%clk 0:02:15]} 63. Kd4 {[%clk 0:26:51]} Bc2 64. Ne8
{[%clk 0:27:08]} Bd1 {[%clk 0:02:17]} 65. Nf6 {[%clk 0:23:00]} Kb5 66. Ne4
{[%clk 0:22:41]} Bf3 {[%clk 0:02:04]} 67. Nc5 {[%clk 0:23:03]} Bg4
{[%clk 0:02:13]} 68. Nd3 Bf5 69. Nf4 {[%clk 0:23:04]} Bg4 {[%clk 0:02:37]} 70.
Ng6 Bf5 {[%clk 0:02:42]} 71. Ne7 {[%clk 0:23:48]} Bg4 72. Nc8 Bd1
{[%clk 0:03:07]} 73. Nd6+ {[%clk 0:24:01]} Kc6 {[%clk 0:03:03]} 74. Nf7
{[%clk 0:23:46]} Bc2 75. Ke3 Kd5 {[%clk 0:02:19]} 76. Kf4 {[%clk 0:24:15]} Bg6
{[%clk 0:02:13]} 77. Nd6 {[%clk 0:23:51]} Bd3 78. Ne8 {[%clk 0:24:02]} Be2
{[%clk 0:02:10]} 79. Nc7+ Kc6 {[%clk 0:02:06]} 80. Nxe6 {[%clk 0:24:30]} Kd7
{[%clk 0:02:10]} 81. Ng7 {[%clk 0:24:32]} Ke7 82. Kg5 {[%clk 0:24:37]} Kf7
{[%clk 0:01:43]} 83. Nxh5 {[%clk 0:24:08]} Bd3 84. Nf4 1-0